00496nam a2200145Ia 4500003000900000008004100009020001800050040001600068080002000084110003100104245010800135260004800243300001800291650004100309IN-BaIIA211028s9999 xx 000 0 eng d a81-85324-14-X cIIA Library a(058):92bDIR-2 aIndian Academy of Sciences 0aDirectory of fellowsbvol. 2, (P-Z), 1995cIndian Academy of Sciences  aBangalorebIndian Academy of Sciencesc1995 avii, 377-702p aDirectory-IAS fellows, IAS-Directory